000 00422nam a2200145Ia 4500
008 240729s9999 xx 000 0 und d
022 _a2312-8623
245 0 _aEAI Endorsed Transactions on Collaborative Computing
260 _aBelgium
260 _bEuropean Alliance for Innovation (EAI)
650 _aTechnology
856 _uhttps://doaj.org/toc/b782a33703cd4dc58f27f1e89eefdec1
942 _2ddc
942 _cDOAJEJ
999 _c65942
_d65942
945 _a1
_bMadushi Gamage
_c1
_dMadushi Gamage